000 00688nam a2200241Ia 4500
003 OSt
005 20220928113554.0
006 a|||||r|||| 00| 0
007 ta
008 220927b |||||||| |||| 00| 0 eng d
024 _a40591
037 _cReference Collections
040 _aSDCL
_cSDCL
_beng
041 _2eng
_aeng
082 _aY15k2, N, L6 RR
100 _aVerma H N
_9400171
245 0 _aIndian women through the ages.
260 _aNew Delhi
_bGreat Indian Publishers
_c1976
300 _avii,203p
_ccm.
700 _a Verma Amrit
_9400172
942 _hY15k2, N, L6 RR
_cREF
_2CC
999 _c750288
_d750288